000 00539nam a22001817a 4500
005 20231106112124.0
008 231106b |||||||| |||| 00| 0 eng d
020 _a0702123099
041 _aEnglish
082 _a346.5 KER
100 _aKernick, LA
_lEnglish
245 _aAdministration of Deceased Estates /
_cLA Kernick
250 _aSecond Edition
260 _aJohannesburg :
_bJuta and Company Ltd,
_c1979
300 _bvii, 273 pages ;
_c25 cm.
650 _aLegal practice
_bLaw
942 _cBK
_6ALISON_BN_VRIES
999 _c313
_d313